000 00519nam a2200181Ia 4500
005 20250508163553.0
008 008 250505s9999 xx 000 0 hin d
037 _aTextual
040 _aFEDL
_beng
_cFEDL
041 _ahin
_2hin
084 _a891.43, JHA
_qFEDL
100 _aJha Kalyan Kumar
_9775660
245 0 _aBihar ki hindi sahityik patrakarita
260 _aBihar, India
_bBhartiya Sahitya Kala Sangam
_c1997
300 _a132p.
942 _cTEXL
_h891.43, JHA
999 _c1384147
_d1384147